000 00344nam a2200145Ia 4500
008 191201s2008 xx 000 0 und d
082 _a519.5
_bMOI
100 _aMOOD, M Alexander
245 0 _aIntroduction to the Theory of Statistics
250 _aRep.
260 _aN.Delhi
_bTMH
_c2008
300 _a560
650 _aMCA
942 _2ddc
_cBK
999 _c3708
_d3708